BIBLIOTHÈQUE DE LA MAISON DU MEXIQUE

Logo 1 Logo 2

Zaguán abierto al México republicano (notice nᵒ 2209)

détails MARC
000 -Sello discográfico
campo de control de longitud fija 01109nam a2200325 4500
005 - Identificación de versión
campo de control 20251017062900.0
010 ## - Número Estándar Internacional de Libros (ISBN)
Número (ISBN) 968-837-970-0
035 ## - Otros números de control del sistema
Número de control del sistema 23047
099 ## - fechas locales
Tipo de ítem Koha LIBRO
100 ## - Datos de procesamiento general
Datos de procesamiento general 19971203d1987 m y1spay5003 ba
105 ## - Campo de datos codificados: Material textual, monográfico
Datos codificados de monografía a 001zy
200 1# - Título y mención de responsabilidad
Título propio Zaguán abierto al México republicano
Designación general del material texto impreso
Otra información del título 1820-1830
Primer mención de responsabilidad Juan A. Ortega y Medina
205 ## - Declaración de edición
Declaración de edición 1a ed
210 ## - Publicación, distribución, etc.
Lugar de publicación, distribución, etc. México
Nombre del editor, distribuidor, etc. Universidad Nacional Autónoma de México, Instituto de Investigaciones Históricas
Fecha de publicación, distribución, etc. 1987
215 ## - Descripción física
Designación de material específico y extensión del ítem 216 p
Otras características físicas 3 h. pleg., lám.
Dimensiones 23 cm
300 ## - Notas generales
Texto de la nota Incluye índice de láminas
345 ## - Nota de información de adquisición
Fuente de adquisición/dirección de la suscripción [OBSOLETO] Donación
410 #1 - Series
Título Serie Historia Moderna y Contemporánea
Número de volumen 18
606 ## - Término temático usado como materia
Elemento de entrada Diplomáticos
Subdivisión temática Correspondencia, memorias, etc
Número Koha 5226
607 ## - Nombre geográfico utilizado como tema
Elemento de entrada México
Subdivisión temática Descripción y viajes
Número Koha 1948
660 ## - Código de área geográfica
Código MX
700 ## - Nombre personal - Responsabilidad primaria
Elemento de entrada Ortega y Medina
Parte del nombre distinta del elemento de entrada Juan Antonio
Fechas 1913-1992
Número Koha 402
801 #0 - Fuente de origen
Agencia cm
900 ## -
-- 1/14923
900 ## -
-- 710976507\\031297
942 ## - ELEMENTOS DE ENTRADA SECUNDARIOS (KOHA)
Tipo de ítem Koha Livre
996 ## -
-- MEX
-- 751145101
-- MMAG
-- 009261
-- 972.04 O779Z
-- 20231221LIV
Exemplaires
Estatus retirado Estado de daño Estado de pérdida Fecha de adquisición Biblioteca de origen Biblioteca actual Ubicación en estantería Código de barras Precio de reemplazo Signatura topográfica completa No para préstamo Tipo de ítem Koha Nota pública Nota no pública
      05/08/2025 Casa México Paris Casa México Paris   009261 05/08/2025 972.04 O779Z   Livre 20231221LIV 751145101